| 000 | 01135nam a2200325Ia 4500 | ||
|---|---|---|---|
| 003 | OSt | ||
| 005 | 20221006160031.0 | ||
| 006 | a|||||r|||| 00| 0 | ||
| 007 | ta | ||
| 008 | 221006b |||||||| |||| 00| 0 eng d | ||
| 020 | _a9788952107893 | ||
| 024 | _a44,114 | ||
| 037 |
_bGift, KCC (Window on Korea) _cTextual |
||
| 040 |
_aEASL _cEASL _beng |
||
| 041 |
_2eng _aeng |
||
| 082 | _aZ420t495, P7 | ||
| 100 |
_aChoi Dai-Kwon Ed. _9671581 |
||
| 245 | 0 |
_aKorea and Japan _b Judicial system transformation in the globalizing world |
|
| 260 |
_aSeoul _bSeoul National University (SNU) Press Korea _c2007 |
||
| 300 |
_a431p. _ccm. |
||
| 490 | _v KEL | ||
| 650 | _a KEL | ||
| 650 |
_a Korea - Judicial reform _9671582 |
||
| 650 |
_a Korea - Legal profession and career patterns of Lawyers _9671583 |
||
| 650 |
_a Korea - Response to corporate legal needs _9671584 |
||
| 650 |
_aKorea - Management of growing civil Lawsuits _9671585 |
||
| 700 |
_a Rokumoto Kahei Ed. _9671586 |
||
| 942 |
_hZ420t495, P7 _cTEXL _2CC |
||
| 999 |
_c1112206 _d1112206 |
||